书目信息 |
| 题名: |
煤化工生产基础知识
|
|
| 作者: | 郑智宏 主编 | |
| 分册: | ||
| 出版信息: | 北京 化学工业出版社 2007 |
|
| 页数: | 369页 | |
| 开本: | 21cm | |
| 丛书名: | ||
| 单 册: | ||
| 中图分类: | TQ53 | |
| 科图分类: | ||
| 主题词: | 煤化工--技术教育--教材 , 煤化工 | |
| 电子资源: | ||
| ISBN: | 978-7-5025-9444-2 | |
| 000 | 00800nam0 2200265 450 | |
| 001 | 003384359 | |
| 005 | 20070720105256.87 | |
| 010 | @a978-7-5025-9444-2@dCNY25.00 | |
| 035 | @a003384359 | |
| 100 | @a20070104d2007 em y0chiy0110 ea | |
| 101 | 0 | @achi |
| 102 | @aCN@b110000 | |
| 105 | @aa z 000yy | |
| 106 | @ar | |
| 200 | 1 | @a煤化工生产基础知识@Amei hua gong sheng chan ji chu zhi shi@f郑智宏主编@Fzheng zhi hong zhu bian |
| 210 | @a北京@c化学工业出版社@d2007 | |
| 215 | @a369页@c图@d21cm | |
| 300 | @a煤化工工人岗位培训教材 | |
| 330 | @a本书介绍了煤化工基础、化工基础知识、电气控制、安全及环保四部分内容。 | |
| 606 | 0 | @a煤化工@x技术教育@j教材 |
| 606 | 0 | @a煤化工 |
| 690 | @aTQ53@v4 | |
| 701 | 0 | @a郑智宏@Azheng zhi hong@4主编 |
| 801 | 0 | @aCN@bNLC@c20070720 |
| 905 | @dTQ53@e22@f5 | |
| 煤化工生产基础知识/郑智宏主编.-北京:化学工业出版社,2007 |
| 369页:图;21cm |
| 煤化工工人岗位培训教材 |
| ISBN 978-7-5025-9444-2:CNY25.00 |
| 本书介绍了煤化工基础、化工基础知识、电气控制、安全及环保四部分内容。 |
| ● |
| 相关链接 |
|
|
|
|
正题名:煤化工生产基础知识
索取号:TQ53/22
 
预约/预借
| 序号 | 登录号 | 条形码 | 馆藏地/架位号 | 状态 | 备注 |
| 1 | 0850583 | 208505839 | 第二样本阅览室/ [索取号:TQ53/22] | 在馆 | |
| 2 | 0850584 | 208505848 | 第三借阅区/ [索取号:TQ53/22] | 在馆 | |
| 3 | 0850585 | 208505857 | 第三借阅区/ [索取号:TQ53/22] | 在馆 | |
| 4 | 0850586 | 208505866 | 第三借阅区/ [索取号:TQ53/22] | 在馆 | |
| 5 | 0850587 | 208505875 | 第三借阅区/ [索取号:TQ53/22] | 在馆 |